| 000 | 01557cam a22003011i 4500 | ||
|---|---|---|---|
| 003 | SA-RiAUC | ||
| 005 | 20250213062611.0 | ||
| 008 | 250213s1952 ||| g 000 0 ara c | ||
| 040 |
_aEG-CaDAJ _bara _cSA-RiAUC _erda |
||
| 082 | 0 | 4 | _a258.2 |
| 090 |
_a258.2 _bص ا و |
||
| 100 | 1 |
_aالصاوي، أحمد بن محمد الخلوتي، _d1175-1241 هجري _eمؤلف. |
|
| 245 | 1 | 0 |
_aبلغة السالك لأقرب المسالك إلى مذهب الإمام مالك / _cتأليف أحمد بن محمد الصاوي المالكي. وبهامشه الشرح الصغير / أحمد الدردير. |
| 250 | _aالطبعة الأخيرة. | ||
| 264 | 1 |
_a[مكان النشر غير محدد] : _b[الناشر غير محدد]، _c1952 |
|
| 264 | 3 |
_a[مكان الطبع غير محدد] : _bمطبعة الحلبي |
|
| 300 |
_a2 مجلد، _c27 سم, |
||
| 336 |
_aنص _btxt _2rdacontent _3كتاب |
||
| 337 |
_aبدون وسيط _bn _2rdamedia |
||
| 338 |
_aمجلد _bnc _2rdacarrier |
||
| 650 | 7 |
_aالفقه المالكي _2aucsh |
|
| 700 | 1 | 2 |
_aالدردير، أحمد بن محمد بن أحمد، _d1127-1201 هجري |
| 700 | 1 | 2 |
_aالدردير، أحمد بن محمد بن أحمد، _d1127-1201 هجري. _tأقرب المسالك إلى مذهب الإمام مالك. |
| 740 | 2 | 2 | _aالشرح الصغير على أقرب المسالك إلى مذهب الإمام مالك. |
| 740 | 0 | 2 | _aأقرب المسالك إلى مذهب الإمام مالك. |
| 942 |
_2ddc _cRARE BOOK |
||
| 949 |
_aSA-JeALM _d250213 _ukhaled123 _n1 |
||
| 999 |
_c5875 _d5875 |
||